Energy Efficiency (Record no. 114821)

MARC details
000 -LEADER
fixed length control field 00849cad a22001935a 4500
001 - CONTROL NUMBER
control field L157526
008 - FIXED-LENGTH DATA ELEMENTS--GENERAL INFORMATION
fixed length control field 130110s2013 xxk f 000 0 eng d
035 ## - SYSTEM CONTROL NUMBER
System control number (Sirsi) u157526
041 0# - LANGUAGE CODE
Language code of text/sound track or separate title eng
110 2# - MAIN ENTRY--CORPORATE NAME
Corporate name or jurisdiction name as entry element Office of Fair Trading
9 (RLIN) 1355
245 00 - TITLE STATEMENT
Title Energy Efficiency
Remainder of title Enpowering consumers, encouraging growth
Medium [electronic resource]
260 ## - PUBLICATION, DISTRIBUTION, ETC.
Place of publication, distribution, etc. London
Name of publisher, distributor, etc. OFT
Date of publication, distribution, etc. 2013
520 ## - SUMMARY, ETC.
Summary, etc. OFT has published a review of the energy efficiency sector to encourage good business practice and greater consumer awareness. Found the behaviour of some businesses in this sector undermined consumer confidence and risked breaking consumer law.
590 ## - LOCAL NOTE (RLIN)
Local note KA
651 #4 - SUBJECT ADDED ENTRY--GEOGRAPHIC NAME
Geographic name United Kingdom
690 ## - LOCAL SUBJECT ADDED ENTRY--TOPICAL TERM (OCLC, RLIN)
Topical term or geographic name as entry element Energy
9 (RLIN) 6237
856 40 - ELECTRONIC LOCATION AND ACCESS
Uniform Resource Identifier <a href="https://oft.gov.uk/shared_oft/Campaigns/energy-efficiency/oft1472.pdf">https://oft.gov.uk/shared_oft/Campaigns/energy-efficiency/oft1472.pdf</a>
Public note View the item free of charge at oft.gov.uk
942 ## - ADDED ENTRY ELEMENTS (KOHA)
Suppress in OPAC 0
Holdings
Withdrawn status Lost status Source of classification or shelving scheme Damaged status Not for loan Home library Current library Shelving location Date acquired Total Checkouts Full call number Barcode Date last seen Copy number Price effective from Koha item type
    Dewey Decimal Classification     Virtual Virtual Online 10/01/2013   ONLINE PUBLICATION 157526-2001 06/08/2019 1 06/08/2019 Book